Statistiques concernant Pays sans serpents

Cliquez ici pour prendre le quiz!

Statistiques générales

  • Ce quiz a été pris 7 550 fois
  • Le résultat moyen est 4 sur 9

Statistiques - réponses

Pays% Correct
Islande
84%
Irlande
54%
Vatican
52%
Nauru
37%
Tuvalu
35%
Nouvelle-Zelande
34%
Kiribati
33%
Îles Marshall
31%
Cap-Vert
21%

Distribution des résultats

Percentile par nombre de réponses

% des personnes avec chaque résultat

Votre développement - résultats

Vous n’avez pas pris ce quiz